Riconosci il Trasferimento - Quiz n°27 - Statistics

Statistiche generali
  • Questo quiz è stato fatto 304 volte
  • Il punteggio medio è 12 su 20
Statistiche sulle risposte
Ruolo Nazione Trasferimenti Calciatore % Corretto
Centrocampista Serbia Vojvodina 2013 - Genk 2014 - Lazio 2015 - Al-Hilal 2023 Sergej Milinković-Savić
88%
Difensore / Centrocampista Italia Inter 2014 - Ascoli 2016 - Empoli 2016 - Sion 2017 - Parma 2018 - Inter 2019 - Hellas Verona 2020 - Inter 2021 Federico Dimarco
87%
Centrocampista Colombia Envigado 2006 - Banfield 2008 - Portto 2010 - Monaco 2013 - Real Madrid 2014 - Bayern Monaco 2017 - Real Madrid 2019 - Everton 2020 - Al-Rayyan 2021 - Olympiakos 2022 James Rodríguez
87%
Attaccante Italia Zurigo 2020 - Leeds Utd 2022 Wilfried Gnonto
82%
Centrocampista Spagna Barcellona B 2008 - Barcellona 2009 - Bayern Monaco 2013 - Liverpool 2020 Thiago Alcántara
79%
Centrocampista Stati Uniti Borussia Dortmund 2020 Giovanni Reyna
71%
Portiere Slovenia Domžale 2003 - Zagorje 2003 - Domžale 2003 - Udinese 2004 - Treviso 2005 - Lazio 2006 - Rimini 2006 - Udinese 2007 - Inter 2012 Samir Handanovič
71%
Difensore Giappone Avispa Fukuoka 2015 - Sint-Truiden 2018 - Bologna 2019 - Atsenal 2021 Takehiro Tomiyasu
69%
Centrocampista / Attaccante Ucraina Shakhtar Donetsk 3 2011 - Sevastopol' 2013 - Zorja 2013 - Genk 2016 - Atalanta 2019 - Olympique Marsiglia 2023 Ruslan Malinovs'kyj
67%
Portiere Italia Avellino 2008 - Nocerina 2009 - Milazzo 2010 - Catania 2011 - Avellino 2013 - Catania 2014 - Salernitana 2015 - Empoli 2017 - Fiorentina 2019 Pietro Terracciano
65%
Attaccante Serbia Vojvodina 2006 - Groningen 2010 - Twente 2012 - Southamtpon 2014 - Ajax 2018 - Fenerbahçe 2023 Dušan Tadić
64%
Attaccante Italia Manchester United 2004 - Newcastle Utd 2006 - Parma 2007 - Villarreal 2007 - Fiorentina 2013 - Levante 2016 - Celta Vigo 2016 - Genoa 2017 - Real Salt Lake 2020 - SPAL 2021 - SPAL 2023 Giuseppe Rossi
57%
Centrocampista Paesi Bassi Sparta Rotterdam 2007 - Utrecht 2011 - PSV 2011 - Roma 2013 - Olympique Marsiglia 2018 - Genoa 2021 - Cagliari 2021 - Genoa 2022 Kevin Strootman
57%
Centrocampista Portogallo Porto 2009 - Beira-Mar 2010 - Malines 2011 - Penafiel 2012 - Porto B 2012 - Paços Ferreira 2013 - Porto 2015 - Nantes 2017 - PAOL 2019 - Porto 2019 - Roma 2022 - Galatasaray 2022 Sérgio Oliveira
56%
Difensore Inghileterra Arsenal 2000 - Crystal Palace 2000 - Arsenal 2000 - Chelsea 2006 - Roma 2014 - Los Angeles Galaxy 2016 - Derby County 2019 Ashley Cole
48%
Attaccante Uruguay Inter 2021 - Brest 2022 - Empoli 2022 - Brest 2023 Martín Satriano
43%
Difensore Serbia Srem 2002 - OFK Belgrado 2004 - Lokomotiv Mosca 2006 - Chelsea 2008 - Zenit San Pietroburgo 2017 - West Bromwich 2020 Branislav Ivanović
38%
Difensore Italia Torino 1998 - Varese 1999 - Siena 2001 - Torino 2002 - Juventus 2005 - Fiorentina 2007 - Palermo 2008 - Roma 2012 Federico Balzaretti
35%
Difensore Stati Uniti / Serbia Magonza 2007 - Borussia Dortmund 2008 - Colonia 2017 - Borussia Dortmund 2017 - Saint-Étienne 2018 - Unione Berlino 2019 - Denizlispor 2020 - Altach 2021 Neven Subotić
30%
Attaccante Germania Magonza 2009 - Bayer Leverkusen 2011 - Chelsea 2013 - Wolfsburg 2015 - Borussia Dortmund 2016 - Fulham 2018 - Spartak Mosca 2019 André Schürrle
29%
Nessun quiz corrispondente trovato
Distribuzione punteggi
Percentuale di utenti per punteggio
Percentile per numero di risposta
I tuoi punteggi nel tempo
Non hai fatto questo quiz